000 00368nam a2200145Ia 4500
003 OSt
005 20240328122017.0
008 170523s9999 xx 000 0 und d
020 _a978-8126551972
040 _cIIMT UNIVERSITY MEERUT
100 _aJain- Shailendra
245 0 _aModeling & Simulation Using Matlab-Simulink
260 _aWiley India
942 _2ddc
_c02
999 _c12441
_d12441